Countries of the Baltics since 1750 - Statistics

General Stats
  • This quiz has been taken 214 times
  • The average score is 9 of 10
Answer Stats
Years Country % Correct
1569 - 1795 Poland-Lithuania
100%
1919 - 1944, 1991 - Estonia
99%
1919 - 1944, 1991 - Latvia
99%
1919 - 1944, 1990 - Lithuania
98%
1702 - 1918 Russia
96%
1944 - 1991 Soviet Union
93%
1871 - 1944 Germany
90%
1918 - 1939 Poland
88%
1701 - 1871 Prussia
66%
1807 - 1813 France
58%
No matching quizzes found
Score Distribution
Percent of People with Each Score
Percentile by Number Answered
Your Score History
You have not taken this quiz